000 00674nam a22002291a 4500
001 742
003 BD-RjUL
005 20211208233226.0
008 131123s1967 utua 000 0 eng
035 _a(BD-RjUL) 762
040 _aDLC
_cDLC
_dDLC
_dBD-RjUL
_beng
041 _aeng
082 0 0 _a027.7
_bKNG 1967
100 1 _aKnight, Hattie M.
_q(Hattie Madsen),
_d1908-1976.
_92204
245 1 4 _aThe 1-2-3 guide to libraries /
_cHattie M. Knight.
250 _a3rd ed.
260 _aProvo, Utah :
_bBrigham Young University,
_c1967.
300 _a116 p. :
_bill. ;
_c28 cm.
650 0 _aLibraries
_xHandbooks, manuals, etc.
_91259
942 _2ddc
_cBK
999 _c742
_d742